| 000 | 01190nam a2200277Ia 4500 | ||
|---|---|---|---|
| 003 | OSt | ||
| 005 | 20221005105326.0 | ||
| 006 | a|||||r|||| 00| 0 | ||
| 007 | ta | ||
| 008 | 221004b |||||||| |||| 00| 0 hin d | ||
| 020 |
_a8186684174 (hbk) _c650 |
||
| 024 | _a97326 | ||
| 037 |
_b1923, 09/03/2009, Pioneer Books Distributors _cTextual |
||
| 040 |
_aCRL _cCRL _bhin |
||
| 041 |
_2hin _ahin |
||
| 082 | _aV262.N08<-N03, 152N7 | ||
| 100 | _aसरकार, सुमित | ||
| 245 | 0 |
_aबंगाल में स्वदेशी आंदोलन _b 1903 . 1908 |
|
| 246 | _aBangāl mean svadeshī āandolana: 1903 . 1908 | ||
| 260 |
_aनई दिल्ली _bग्रंथ शिल्पी भारत _c1997 |
||
| 300 |
_a457पृ0 _ccm. |
||
| 490 | _aभारतीय इतिहास के गौरव ग्रंथ | ||
| 700 |
_a आदित्य नारायण सिंह, अनु. _9166491 |
||
| 942 |
_hV262.N08<-N03, 152N7 _cTEXL _2cc |
||
| 999 |
_c1015475 _d1015475 |
||